Fundamentals of Information Technology (Record no. 922)
[ view plain ]
| 000 -LEADER | |
|---|---|
| Fixed length control field | 00479nam a2200169 4500 |
| 003 - CONTROL NUMBER IDENTIFIER | |
| Control field | SEACOMMC |
| 005 - DATE AND TIME OF LATEST TRANSACTION | |
| Control field | 20250429113853.0 |
| 008 - FIXED-LENGTH DATA ELEMENTS--GENERAL INFORMATION | |
| Fixed length control field | 241223b |||||||| |||| 00| 0 eng d |
| 020 ## - INTERNATIONAL STANDARD BOOK NUMBER / ISBN | |
| International Standard Book Number | 978-81-8209-245-7 |
| Price | Rs.225.00 |
| 040 ## - CATALOGING SOURCE | |
| Original cataloging agency | SEACOMMC |
| 082 ## - DEWEY DECIMAL CLASSIFICATION NUMBER | |
| Classification number | 004.01 |
| Book Number | L 579 |
| 100 ## - MAIN ENTRY--PERSONAL NAME | |
| Personal name | Leon, Alexis |
| 245 1# - TITLE STATEMENT | |
| Title | Fundamentals of Information Technology |
| Statement of responsibility | Alexis Leon[and]Mathews Leon |
| 260 ## - IMPRINT | |
| Place of publication | New Delhi |
| Name of publisher | Leon-Vikas |
| Date of publication | 1999 |
| 650 ## - SUBJECT ADDED ENTRY--TOPICAL TERM | |
| Topical term | Information Technology |
| 942 ## - ADDED ENTRY ELEMENTS (KOHA) | |
| Koha item type | Books |
| Withdrawn status | Lost status | Source of classification | Damaged status | Not for loan | Home library | Current library | Shelving location | Date acquired | Total Checkouts | Call number | Accession number | Date last seen | Price effective from | Koha item type | Copy number |
|---|---|---|---|---|---|---|---|---|---|---|---|---|---|---|---|
| Dewey Decimal Classification | SEACOM MANAGEMENT COLLEGE | SEACOM MANAGEMENT COLLEGE | Reference | 11/12/2007 | 004.01 L 579 | M-1259 | 23/12/2024 | 23/12/2024 | Books | ||||||
| Dewey Decimal Classification | SEACOM MANAGEMENT COLLEGE | SEACOM MANAGEMENT COLLEGE | 11/12/2007 | 004.01 L 579 | M-1260 | 23/12/2024 | 23/12/2024 | Books | 1 | ||||||
| Dewey Decimal Classification | SEACOM MANAGEMENT COLLEGE | SEACOM MANAGEMENT COLLEGE | 11/12/2007 | 004.01 L 579 | M-1261 | 23/12/2024 | 23/12/2024 | Books | 2 | ||||||
| Dewey Decimal Classification | SEACOM MANAGEMENT COLLEGE | SEACOM MANAGEMENT COLLEGE | 11/12/2007 | 004.01 L 579 | M-1262 | 23/12/2024 | 23/12/2024 | Books | 3 | ||||||
| Dewey Decimal Classification | SEACOM MANAGEMENT COLLEGE | SEACOM MANAGEMENT COLLEGE | 11/12/2007 | 004.01 L 579 | M-1263 | 23/12/2024 | 23/12/2024 | Books | 4 | ||||||
| Dewey Decimal Classification | SEACOM MANAGEMENT COLLEGE | SEACOM MANAGEMENT COLLEGE | 11/12/2007 | 004.01 L 579 | M-1264 | 23/12/2024 | 23/12/2024 | Books | 5 |
